000 00426nam a2200169 a 4500
001 0000-8513
003 ELIB.Books
008 110520 0000
035 _a(ELIB.Books)0000-8658
082 _a251
_bCle
100 _aCleland, James T.
245 _aThe True and lively Lord
260 _bNew York: Charles Scribner's Sons
_c0
650 _aPreaching
942 _2ddc
_cBK
998 _cbat
_e2011-05-20
999 _c8513
_d8513